| 000 | 00488 a2200133 4500 | ||
|---|---|---|---|
| 001 | ART_9396 | ||
| 005 | 20260410161559.0 | ||
| 008 | 260409a | ||
| 245 | 1 | 0 | _aUn camino al ejercicio profesional sin fronteras, desde los puntos de partida de la formació y los códigos deontológicos |
| 100 | 1 | _aNeira, Graciela M. | |
| 700 | 1 | _aFreire, Liliana B. | |
| 700 | 1 | _aCanetti, Miguel Marcelo | |
| 773 | 0 |
_tProfesional & Empresaria _g- Año XIII, Nº 154 (jul. 2012) _wREV70 |
|
| 999 |
_c9501 _d9501 |
||